| 000 | 00471nam a2200181Ia 4500 | ||
|---|---|---|---|
| 001 | 9242 | ||
| 005 | 20260306160709.0 | ||
| 008 | 260306t2009||||xx |||||||||||||| ||spa|| | ||
| 041 | _aESP | ||
| 082 |
_a378 _bU61 |
||
| 100 |
_aUniversidad Politécnica Salesiana _eAUT |
||
| 245 | 0 | _aII Congreso internacional universidad, desarrollo y cooperación | |
| 260 | _c2009 | ||
| 300 |
_a224 páginas : _c24 cm. |
||
| 650 | _aGEN | ||
| 654 | _aCED | ||
| 942 |
_cLIB _dJUS _fJUS _2ddc _n |
||
| 999 |
_c9242 _d9242 |
||